Zarskoje Selo (Запись № 9763098)

Подробности
000 -МАРКЕР
контрольное поле 01084nam0a2200277 4500
001 - ИДЕНТИФИКАТОР ЗАПИСИ
контрольное поле RU\NLR\b_ik\200318
005 - ИДЕНТИФИКАТОР ВЕРСИИ
контрольное поле 20260408195222.0
010 ## - МЕЖДУНАРОДНЫЙ СТАНДАРТНЫЙ НОМЕР КНИГИ (ISBN)
Номер (ISBN) 5-94795-014-6
035 ## - ДРУГИЕ СИСТЕМНЫЕ НОМЕРА
Идентификатор записи (NLR Aleph) 009996161
100 ## - ДАННЫЕ ОБЩЕЙ ОБРАБОТКИ
Данные общей обработки 20130315d2002 |||y0rusy50 ca
101 0# - ЯЗЫК РЕСУРСА
Язык текста, звукозаписи и т.д. немецкий
102 ## - СТРАНА ПУБЛИКАЦИИ ИЛИ ПРОИЗВОДСТВА
Страна публикации российская федерация
105 ## - ПОЛЕ КОДИРОВАННЫХ ДАННЫХ: ТЕКСТОВЫЕ МАТЕРИАЛЫ, МОНОГРАФИЧЕСКИЕ
Кодированные данные о монографическом текстовом документе a |||||||||
200 1# - ЗАГЛАВИЕ И СВЕДЕНИЯ ОБ ОТВЕТСТВЕННОСТИ
Основное заглавие Zarskoje Selo
Сведения, относящиеся к заглавию [album
Первые сведения об ответственности Text: G. Chodasewitsch
Последующие сведения об ответственности Übers.: S. Brammerloh]
210 ## - ПУБЛИКАЦИЯ, РАСПРОСТРАНЕНИЕ И ДР.
Место издания, распространения и т.д. St. Petersburg
Имя издателя, распространителя и т. д. Alfa-Colour
Дата издания, распространения и т.д. cop. 2002
215 ## - ФИЗИЧЕСКАЯ ХАРАКТЕРИСТИКА
Специфическое обозначение материала и объем 33, [1] c.
Другие сведения о физической характеристике цв. ил.
Размеры 26
541 0# - ПЕРЕВОД ЗАГЛАВИЯ, СДЕЛАННЫЙ КАТАЛОГИЗАТОРОМ
Заглавие Царское Село
Язык заглавия русский
601 02 - НАИМЕНОВАНИЕ ОРГАНИЗАЦИИ КАК ПРЕДМЕТ
Начальный элемент ввода "Царское Село", государственный музей-заповедник
Идентифицирующий признак Пушкин, город; Санкт-Петербург, город
Формальный подзаголовок Альбомы
Идентификатор авторитетной/нормативной записи RU\NLR\auth\661389224
Системный номер авторитетной/нормативной записи 2322234
686 ## - ИНДЕКСЫ ДРУГИХ КЛАССИФИКАЦИЙ
Индекс Щ101.3(2Р)-2СПб9Пушкин я61
702 #1 - ИМЯ ЛИЦА - ВТОРИЧНАЯ ОТВЕТСТВЕННОСТЬ
Код отношения Прочие
Графика поля Латинская
Материалы, к которым относится поле rus
Начальный элемент ввода Chodasevič
Часть имени, кроме начального элемента ввода G. D
Дополнения к именам, кроме дат искусствовед
Расширение инициалов личного имени Galina Dmitrievna
Идентификатор авторитетной/нормативной записи RU\NLR\AUTH\770255507
Системный номер авторитетной/нормативной записи 255451
801 #0 - ИСТОЧНИК ЗАПИСИ
Страна российская федерация
Организация NLR
Дата составления 20130315
Правила каталогизации RCR
801 #1 - ИСТОЧНИК ЗАПИСИ
Страна российская федерация
Организация NLR
Дата составления 20130315
942 ## - ДОПОЛНИТЕЛЬНЫЕ ЭЛЕМЕНТЫ ЗАПИСИ (АБИС)
Тип экземпляра АБИС Книга
980 ## - КОЛЛЕКЦИЯ
Название коллекции Национальная библиография
Экземпляры
Тип экземпляра Дата поступления Источник поступления Стоимость Библиотека постоянного хранения Библиотека текущего хранения Место хранения Шифр хранения Штрих-код Статус не для выдачи Публичное примечание
Книга 15.03.2013 Дар 100.00 РНБ (Садовая) РНБ (Садовая) Фонд эстампов и фотографий иностранный Э АлТ63/2-П913 1106975   ;